LIBRARY & INFORMATION CENTRE, KCAET, TAVANUR

ONLINE PUBLIC ACCESS CATALOGUE (OPAC)

Samuel Butler / (Record no. 7010)

MARC details
000 -LEADER
fixed length control field 00370cam a2200157ua 4500
041 ## - LANGUAGE CODE
Language code of text/sound track or separate title eng
082 ## - DEWEY DECIMAL CLASSIFICATION NUMBER
Classification number 828.09
Item number COL/SA
100 ## - MAIN ENTRY--AUTHOR NAME
Personal name Cole, G D H .
245 ## - TITLE STATEMENT
Title Samuel Butler /
250 ## - EDITION STATEMENT
Edition statement 1 /
260 ## - PUBLICATION, DISTRIBUTION, ETC. (IMPRINT)
Place of publication London :
Name of publisher Longman Green and Co ,
Year of publication 1961.
300 ## - PHYSICAL DESCRIPTION
Number of Pages 50 ; .
942 ## - ADDED ENTRY ELEMENTS (KOHA)
Koha item type Books
Holdings
Withdrawn status Lost status Damaged status Home library Current library Date acquired Full call number Accession Number Koha item type Public note
Withdrawn     KAUAET KAUAET 07/04/2012 828.09 5435 Books Deleted
free website counter